| 000 | 00359nam a22001457a 4500 | ||
|---|---|---|---|
| 003 | OSt | ||
| 005 | 20221122102126.0 | ||
| 008 | 221122b |||||||| |||| 00| 0 eng d | ||
| 020 | _a9780911592290 | ||
| 040 | _cHU | ||
| 082 |
_229th _a692.5 |
||
| 100 |
_aWalker.R Frank _937276 |
||
| 245 | _aWalker's Building Estimator's Reference Book | ||
| 942 |
_2ddc _cBOOKS _n0 |
||
| 999 |
_c35693 _d35693 |
||